00530pam a2200169 a 4500020001800000082001200018100002800030245002400058250001300082260003100095300005300126500002000179650002400199700001700223856006500240856005500305 a978812651443400a547 SOL1 aSolomons, T. W. Graham.10aOrganic chemistry / a9th ed.  aNew York :bWiley,cc2008. a1 v. (various pagings) :1199bill. (some col.) ; aIncludes index. 0aChemistry, Organic. aFryhle,Craig42uhttp://www.loc.gov/catdir/description/wiley032/96022583.html4 uhttp://www.loc.gov/catdir/toc/onix03/96022583.html